[Event "Ukrainian Women's Championship"]
[Site "Odessa"]
[Date "2006.12.06"]
[Round "11"]
[White "Kalinina, Olga"]
[Black "Ushenina, Anna"]
[Result "0-1"]
[WhiteElo "2191"]
[BlackElo "2430"]
[PlyCount "128"]
[EventDate "2006.11.26"]
[EventType "tourn"]
[EventRounds "11"]
[EventCountry "UKR"]

1. e4 c5 2. Nf3 Nc6 3. d4 cxd4 4. Nxd4 Nf6 5. Nc3 e5 6. Ndb5 d6 7. Nd5 Nxd5 8.
exd5 Nb8 9. c4 a6 10. Qa4 Bd7 11. Qa3 Bxb5 12. cxb5 a5 13. Be3 Nd7 14. Be2 Be7
15. O-O O-O 16. Rac1 Nc5 17. Qc3 Bg5 18. f4 exf4 19. Bxf4 f5 20. Rce1 Bxf4 21.
Rxf4 Qg5 22. Ref1 Rae8 23. Qf3 g6 24. Bd3 Rf7 25. h4 Qe7 26. Bb1 h5 27. b4 axb4
28. Rxb4 Qe5 29. a4 Rfe7 30. Kh1 Qf6 31. a5 Ra8 32. Qa3 Qe5 33. Rbf4 Qe3 34.
Qb2 Qe5 35. Qf2 Qe3 36. Qa2 Nd7 37. R4f3 Qd4 38. Rf4 Qe5 39. a6 bxa6 40. bxa6
Qe2 41. Qa3 Qxa6 42. Qg3 Rg7 43. Qe3 Ne5 44. Rc1 Qb7 45. Qd4 Rc7 46. Rff1 Rac8
47. Rce1 Rc4 48. Qe3 Rxh4+ 49. Kg1 Rg4 50. Rd1 Qb4 51. Rf2 h4 52. Qh6 Qb3 53.
Rdf1 Qg3 54. Qd2 h3 55. Qe2 Ra4 56. Bxf5 gxf5 57. Rxf5 hxg2 58. Qxg2 Qxg2+ 59.
Kxg2 Rg4+ 60. Kf2 Rc2+ 61. Ke3 Rc3+ 62. Ke2 Rg2+ 63. Kd1 Rd3+ 64. Ke1 Ra3 0-1